[Event "BL2 Sued 1314 (Women)"]
[Site "Germany"]
[Date "2014.03.08"]
[Round "6.2"]
[White "Rothmann, Barbara"]
[Black "Milliet, Sophie"]
[Result "0-1"]
[WhiteElo "1712"]
[BlackElo "2401"]
[PlyCount "50"]
[EventDate "2013.11.30"]
[EventType "team-tourn"]
[EventRounds "7"]
[EventCountry "GER"]
[SourceTitle "EXT 2018"]
[Source "ChessBase"]
[SourceDate "2017.10.13"]
[SourceVersion "1"]
[SourceVersionDate "2017.10.13"]
[SourceQuality "1"]
[WhiteTeam "Mutterstadt (W)"]
[BlackTeam "Schwaebisch Hall (W)"]
[WhiteTeamCountry "GER"]
[BlackTeamCountry "GER"]

1. c4 Nf6 2. d4 c5 3. Nf3 cxd4 4. Nxd4 e6 5. Nc3 Nc6 6. Bg5 Qb6 7. Ndb5 Bc5 8. e3 a6 9. Na4 Qa5+ 10. Nbc3 Be7 11. Bxf6 gxf6 12. Qb3 Rb8 13. Nb6 Bb4 14. Nxc8 Bxc3+ 15. bxc3 Rxc8 16. f4 Qc5 17. Kf2 Na5 18. Qb4 Nxc4 19. Bxc4 Qxb4 20. cxb4 Rxc4 21. a3 Ke7 22. Rhd1 f5 23. Rd3 Rc2+ 24. Kf3 Rg8 25. h3 Rcxg2 0-1